Elocución y composición castellana : (Record no. 13049)

000 -CABECERA
fixed length control field 00944nam a22002297a 4500
003 - IDENTIFICADOR DEL NÚMERO DE CONTROL
control field AR-CdUCM
008 - DATOS DE LONGITUD FIJA--INFORMACIÓN GENERAL
fixed length control field 190411b ||||| |||| 00| 0 spa d
040 ## - FUENTE DE LA CATALOGACIÓN
Agencia/entidad que catalogó originalmente la obra MUNICIPALIDAD PROVINCIAL DEL CUSCO
Entidad que transcribió la catalogación BIBLIOTECA MUNICIPAL DEL CUSCO
082 ## - NÚMERO DE LA CLASIFICACIÓN DECIMAL DEWEY
No. de Clasificación 800.71 /
Notacion interna J61 / 1948
100 ## - ENTRADA PRINCIPAL--NOMBRE DE PERSONA
Nombre Personal Jiménez Borja, José
245 ## - MENCIÓN DE TÍTULO
Título Elocución y composición castellana :
Resto del título fonética, etimología, semántica, composición /
260 ## - PUBLICACIÓN, DISTRIBUCIÓN, ETC.
Lugar de publicación, distribución, etc. Lima :
Nombre de la editorial, distribuidor, etc. Libr. e Impr. D. Miranda,
Fecha de publicación, distribución, etc. [1948].
300 ## - DESCRIPCIÓN FÍSICA
Nº de Páginas Extensión 160 páginas ;
Otros detalles físicos Ilustraciones,
Dimensiones 21 cm.
505 ## - NOTA DE CONTENIDO CON FORMATO
Nota de contenido formateada Contenido: La naturaleza del lenguaje -- Antigüedad de los estudios lingüísticos -- Valor social del lenguaje -- Valor psicológico del lenguaje -- Lingüística y gramática ...
650 ## - PUNTO DE ACCESO ADICIONAL DE MATERIA--TÉRMINO DE MATERIA
Descriptor Lingüística
9 (RLIN) 1640
650 ## - PUNTO DE ACCESO ADICIONAL DE MATERIA--TÉRMINO DE MATERIA
Descriptor Fonética
9 (RLIN) 11261
650 ## - PUNTO DE ACCESO ADICIONAL DE MATERIA--TÉRMINO DE MATERIA
Descriptor Etimología
9 (RLIN) 77
650 ## - PUNTO DE ACCESO ADICIONAL DE MATERIA--TÉRMINO DE MATERIA
Descriptor Semántica
9 (RLIN) 7092
650 ## - PUNTO DE ACCESO ADICIONAL DE MATERIA--TÉRMINO DE MATERIA
Descriptor Composición
9 (RLIN) 19519
942 ## - ELEMENTOS DE PUNTO DE ACCESO ADICIONAL (KOHA)
Fuente de clasificación
Tipo de item Libros-BMC
945 ## - PROCESAMIENTO DE INFORMACIÓN LOCAL (OCLC)
Catalogador acv
AAAA-MM-DD - Fecha de ingreso o modificacion 2019-04-11
Holdings
Estado de retiro (separado) Fuente de clasificación o esquema de estanterías Estado dañado Ubicación Sala donde se ubica Nombre de la colección Fecha de adquisición o compra Costo, precio normal en soles Signatura topográfica Código de Barras Última vez visto (Koha) Tipo de ítem (Koha)
No     Sala Cusco Antiguo Sala Cusco Antiguo Book Cart 2019-04-11 40.00 800.71 / J61 / 1948 SCA0002522 2019-04-11 Libros-BMC

Powered by Koha